LEADER 00964nam0-22003251i-450- 001 990000072940403321 005 20080521102517.0 035 $a000007294 035 $aFED01000007294 035 $a(Aleph)000007294FED01 035 $a000007294 100 $a20020821d--------km-y0itay50------ba 101 0 $aita 105 $ay-------001yy 200 1 $a<>Pumpen$eBerechnung und Ausfuhrung der Forderung von Flssigkeiten gebrauchlichen Maschinen$fvon K. Hartmannund J. O. Knoke$g3. neu bearbeitete Auf. von H. Berg. 205 $a3. Auf. 210 $aBerlin$cJ. Springer$d1906 215 $aXI, 636 p., 14 tav.$cill.$d24 cm 610 0 $aPompe 676 $a621.6 700 1$aHartmann,$bConrad$04927 702 1$aBerg,$bHeinrich 702 1$aKnoke,$bJ. O. 801 0$aIT$bUNINA$gRICA$2UNIMARC 901 $aBK 912 $a990000072940403321 952 $a23 18 B 23$b535$fFINAG 959 $aFINAG 996 $aPumpen$9110810 997 $aUNINA LEADER 01014cam0 2200301 450 001 E600200018086 005 20200428074522.0 010 $a8842063223 100 $a20060509d2006 |||||ita|0103 ba 101 $aita 102 $aIT 200 1 $aFilosofia della scienza e scienza cognitiva$fWilliam Bechtel$gtraduzione di Massimo Marraffa 205 $a20ed. 210 $aRoma$aBari$cGLF Laterza$d2006 215 $aIX, 192 p.$d21 cm 225 2 $aScienze della mente$v8 410 1$1001LAEC00016103$12001 $a*Scienze della mente$v8 700 1$aBechtel$b, William$3A600200034627$4070$053660 702 1$aMarraffa, Massimo$3A600200034581$4070 801 0$aIT$bUNISOB$c20200428$gRICA 850 $aUNISOB 852 $aUNISOB$j100$m130001 912 $aE600200018086 940 $aM 102 Monografia moderna SBN 941 $aM 957 $a100$b010887$gSi$d130001$racquisto$1pomicino$2UNISOB$3UNISOB$420060509083916.0$520200428074449.0$6Spinosa 996 $aPhilosophy of science$917060 997 $aUNISOB